1071 1783 1226 1821 1462 1199 1429 1888 1538 1693 1817 1167 1880 1293 1405 1093 1495 1713 1356 1578 1336 1689 1364 1710 1777 1046 1732 1226 1569 1080 1336 1450 1049 1552 1697 1224 1906 1798 1489 1171 1911 1859 1433 1253 1604 1977 1508 1770 1589 1964 1451 1318 1100 1627 1623 1855 1016 1175 1798 1452 1763 1341 1855 1829 1432 1730 1980 1239 1163 1670 1664 1319 1238 1129 1924 1437 1010 1957 1889 1309 1577 1204 1087 1638 1309 1036 1833 1654 1851 1107 1365 1461 1322 1240 1202 1532 1589 1337 1179 BCNSPRNW ULIB Ver.6.0+V

เปลี่ยนเป็นภาษาไทย

Change to English
 แสดงรายละเอียดบรรณานุกรม
  กลับหน้าหลัก

Brief Record : Get Marc (ISO 2709) : E-mail record : QR code < ปิดหน้าต่าง
LEADER : 00000nam 2200000uu 4500
001    13399110652
003     ULIB
008    110607s2553||||th 000 0 tha d
024    9786167078113
090    นว^bR631h 2553
100 0  Robbery Rin
245 00 Hide มอญซ่อนศพ^cRobbery Rin
260    กรุงเทพฯ:^bโซฟา^c2553
300    215 หน้า
945    ^p179^l0^i030128
995    เกษร
999 ^a ใช้งานได้ทุกระบบ
รายการนี้ยังไม่มีแท็ก
คุณยังไม่ได้ล็อกอิน คุณสามารถมีกิจกรรมร่วมกับเว็บไซต์ได้ แต่ต้องล็อกอินก่อน ::
  ล็อกอิน

รายการสื่อสารสนเทศ

ลำดับที่ ประเภท เลขเรียก/บาร์โค้ด สถานที่ สถานะ
- ไม่พบข้อมูล -

BibComment


ยังไม่เคยถูกคอมเมนท์

คอมเมนท์ทรัพยากรรายการนี้
  คอมเมนท์: Hide มอญซ่อนศพ Ro..


 Copyright 2026. Bcnsprnw @Library